[Event "Steinfurt Bezirksliga 0203"]
[Site "Germany"]
[Date "2003.01.25"]
[Round "5.3"]
[White "Hokamp, Sascha"]
[Black "Luetke Bohmert, Andre"]
[Result "1-0"]
[WhiteElo "1813"]
[BlackElo "1544"]
[PlyCount "56"]
[EventDate "2002.09.14"]
[EventType "team-tourn"]
[EventRounds "9"]
[EventCountry "GER"]
[SourceTitle "EXT 2004"]
[Source "ChessBase"]
[SourceDate "2003.11.25"]
[SourceVersion "1"]
[SourceVersionDate "2003.11.25"]
[SourceQuality "1"]
[WhiteTeam "Reckenfeld"]
[BlackTeam "Rheine SG"]
[WhiteTeamCountry "GER"]
[BlackTeamCountry "GER"]

1. b3 d5 2. Bb2 e6 3. e3 Nf6 4. Nf3 Nbd7 5. c4 c6 6. a3 Qc7 7. Nc3 b6 8. Rc1 Ba6 9. Be2 dxc4 10. bxc4 Nc5 11. 0-0 Bb7 12. Na4 Nxa4 13. Qxa4 Nd7 14. Nd4 Bd6 15. f4 Nc5 16. Qc2 0-0-0 17. Bf3 Kb8 18. Ne2 f5 19. d4 Nd7 20. Nc3 Nf6 21. Qd1 Qe7 22. Qa4 Qc7 23. Qb3 Rhe8 24. c5 bxc5 25. Na4 Ne4 26. Bxe4 fxe4 27. dxc5 Bf8 28. Be5 Rd3 1-0